000 00993 a2200253 4500
999 _c838
_d838
020 _a090831180X
050 0 0 _aDT2988.KRI 1992
100 1 _aKriger, Norma J.
245 1 0 _aZimbabwe's guerrilla war :
_bpeasant voices /
_cNorma J. Kriger.
264 _aHarare:
_bCambridge university press.,
_c1992
300 _ax, 303 p. :
_bmaps ;
440 0 _aAfrican studies series ;
500 _ait includes index
504 _aIncludes bibliographical references (p. 277-295)
650 0 _aPeasants
650 0 _aGuerrillas
_xHistory
650 0 _aPeasants
_xAttitudes
_xHistory
650 0 _aPublic opinion
_xHistory
651 0 _aZimbabwe
856 4 2 _3Publisher description
_uhttp://www.loc.gov/catdir/enhancements/fy0834/90045311-d.html
856 4 1 _3Table of contents only
_uhttp://www.loc.gov/catdir/enhancements/fy0838/90045311-t.html
942 _2lcc
_cBK
_h2988
_iKRI
_kDT